000 00914nam a22002897a 4500
003 CHAP
005 20220329135139.0
008 971013s1974 r 00010 d
010 _a31666
011 _a32638
035 _a36753
040 _cCHAP
090 _aFolleto 8959
100 0 0 _aNderito, Merioth.
_980644
245 _aNutrition of dual porpuse goats
_b: preliminary data
260 _aMorriton, Arkansas :
_bWinrock International Livestock Research and Traing Center,
_c1974
300 _a4 p.
_b: ilus.
590 _aBATCH-UPD
_b10
_c20130110
_lUCH01
_h1554
590 _aBATCH-UPD
_b10
_c20130410
_lUCH01
_h0951
590 _aBATCH-UPD
_b10
_c20130914
_lUCH01
_h0752
590 _aCONVERSION
_b10
_c20130109
_lUCH01
_h1318
650 1 4 _aGanado cabrío
_xNutrición.
_945030
700 0 _aBrown, Dan.
_915633
901 _aBK
942 _cFOLL
949 _aFolleto 8959
_bBC
_cFOLL
_d-84563
_eTS1
_i36753
_si
999 _c31666
_d31666